SOCIOLOGY FOR NURSES (Record no. 10980)

MARC details
000 -LEADER
fixed length control field 00297nam a22001457a 4500
003 - CONTROL NUMBER IDENTIFIER
control field SGT
082 ## - DEWEY DECIMAL CLASSIFICATION NUMBER
Classification number 150
Item number S16G
100 ## - MAIN ENTRY--PERSONAL NAME
Personal name GOWDA, KRISHNA
245 ## - TITLE STATEMENT
Title SOCIOLOGY FOR NURSES
250 ## - EDITION STATEMENT
Edition statement 6TH
260 ## - PUBLICATION, DISTRIBUTION, ETC. (IMPRINT)
Place of publication, distribution, etc INDIA
Name of publisher, distributor, etc CBS
Year of Publication 2016
300 ## - PAGE DESCRIPTION
No. of Pages 264
650 ## - SUBJECT ADDED ENTRY--TOPICAL TERM
Topical term or geographic name as entry element SOCIOLOGY
942 ## - ADDED ENTRY ELEMENTS (KOHA)
Source of classification or shelving scheme Dewey Decimal Classification
Koha item type Books
942 ## - ADDED ENTRY ELEMENTS (KOHA)
-- 204
Holdings
Withdrawn status Lost status Source of classification or shelving scheme Damaged status Not for loan Collection code Home library Current library Shelving location Date acquired Vendor Name Cost, normal purchase price SGTU Bill Number Total Checkouts Full call number Accession No. (Barcode) Date last seen Date last borrowed Bill Date Koha item type Total Renewals
    Dewey Decimal Classification     NURSING SGT Medical Library SGT Medical Library Text Book 17/02/2017 ABC 295.00 SGTU 7429 47 150 S16G FN3528 10/01/2026 25/12/2025 04/11/2016 Books  
    Dewey Decimal Classification     NURSING SGT Medical Library SGT Medical Library Text Book 17/02/2017 ABC 295.00 SGTU 7429 47 150 S16G FN3529 12/01/2026 25/12/2025 04/11/2016 Books 2
    Dewey Decimal Classification     NURSING SGT Medical Library SGT Medical Library Text Book 17/02/2017 ABC 295.00 SGTU 7429 50 150 S16G FN3530 10/01/2026 25/12/2025 04/11/2016 Books  
    Dewey Decimal Classification     NURSING SGT Medical Library SGT Medical Library Text Book 17/02/2017 ABC 295.00 SGTU 7429 49 150 S16G FN3531 19/01/2026 25/12/2025 04/11/2016 Books  
    Dewey Decimal Classification     NURSING SGT Medical Library SGT Medical Library Text Book 17/02/2017 ABC 295.00 SGTU 7429 48 150 S16G FN3532 17/12/2025 05/12/2025 04/11/2016 Books  
    Dewey Decimal Classification     NURSING SGT Medical Library SGT Medical Library Text Book 17/02/2017 ABC 295.00 SGTU 7429 57 150 S16G FN3533 24/12/2025 12/12/2025 04/11/2016 Books  
    Dewey Decimal Classification     NURSING SGT Medical Library SGT Medical Library Text Book 17/02/2017 ABC 295.00 SGTU 7429 51 150 S16G FN3534 14/07/2025 09/07/2025 04/11/2016 Books  
    Dewey Decimal Classification     NURSING SGT Medical Library SGT Medical Library Text Book 17/02/2017 ABC 295.00 SGTU 7429 45 150 S16G FN3535 17/12/2025 05/12/2025 04/11/2016 Books 1